| 000 | 00352nam a22001457a 4500 | ||
|---|---|---|---|
| 008 | 230324b ||||| |||| 00| 0 eng d | ||
| 020 | _a9780816076741 | ||
| 041 | _aeng | ||
| 080 |
_2SECOND EDITION _a101 |
||
| 082 | _a101MOS | ||
| 100 | _a42 | ||
| 101 | _aENCIKLO | ||
| 245 |
_aTHE ENCYCLOPEDIA OF PARKINSON'S DISEASE _cMOSLEY.D.A |
||
| 942 |
_2udc _cBK |
||
| 999 |
_c59446 _d59446 |
||